000 00805nas a2200241 4500
001 BR0201529
003 BR-BrBNA
005 20231205102822.0
007 ta
008 230509b bl.|||p| |||| 00| 00por d
040 _aBR-BrBNA
_bpor
_cBiblioteca Nacional de Agricultura
041 _a(Pt)
072 _aL72
100 1 _aThomazini, M.J.
100 1 _aBerti Filho, E.
245 1 _aTabela de vida de fertilidade de Muscidifarax uniraptor Kogan Legner (Hymenoptera: Pteromalidae)em pupas de Musca domestica L. (Diptera: Muscidae)
650 _aMosca
650 _aParasitismo
650 _aPupa
773 0 _tAnais da Sociedade Entomológica do Brasil (Brazil)
_xISSN 0301-8059
_g(Dec 2000), v. 29(4) p. 715-721
_wBR0201529
909 _a202311
_bLúcia
_c55
_dLúcia Elande
942 _2AGRIS
_n0
_cANA
999 _c169505
_d169505